| 000 | 00589nam a22001937a 4500 | ||
|---|---|---|---|
| 005 | 20260515115045.0 | ||
| 008 | 241204b |||||||| |||| 00| 0 eng d | ||
| 040 |
_aIN-DiNC _cIN-DiNC |
||
| 041 | _deng | ||
| 082 |
_a394.3 _bSAT |
||
| 245 |
_aSatriya nritya aru satriya nrityar taal/ _ced. by Maheswar Neog and Keshav Changkakati |
||
| 250 | _a4th ed. | ||
| 260 |
_aGuwahati: _bPublication board Assam, _c2015. |
||
| 300 | _a584p. | ||
| 650 | _aSatriya dances of Assam and their rhythms | ||
| 700 |
_aChangkakati, Keshav _eEditor |
||
| 700 |
_aNeog, Maheswar _eEditor |
||
| 942 |
_2ddc _cBK |
||
| 999 |
_c12007 _d12007 |
||